00871nam a22002177a 450000500170000001000170001702000260003403500170006003700170007708200100009410000230010424501400012726000340026727000370030130000450033852001620038365000190054565000220056465000400058670000270062620140526153820.0 aB-530423-450 a9780545307710c499.00 aB0530423-450 adplbUBH/Ven00aS2221 aStilton, Geronimo.14aThe Amazing Voyage :bthe third adventure in the Kingdom of Fantasy /cGeronimo Stilton ; [illustrations by Danilo Barozzi ... et al.]. aNew York :bScholasticcc2013 a557 BroadwaybNew YorkeNY 10012 a291p.:bcol. ill., col. maps ;c20cm(Hb) aGeronimo joins the effort to rescue Blossom, Queen of the Fairies, who has been kidnapped by the Queen of the Witches and taken to the Kingdom of Nightmares. 1aMicevFiction. 1aFairiesvFiction. 1aAdventure and adventurersvFiction.1 aBarozzi, Danilo,eill.